Programación en Delphi / Gary Cornell, Troy Strain (Registro nro. 12285)
[ vista simple ]
| 000 -LÍDER | |
|---|---|
| fixed length control field | 00559nam a2200157 4500 |
| 008 - ELEMENTOS DE LONGITUD FIJA -- INFORMACIÓN GENERAL | |
| fixed length control field | 01996 1996 0a 000 0Mex |
| 020 ## - NÚMERO INTERNACIONAL NORMALIZADO PARA LIBROS | |
| ISBN | 84-481-0339-4 |
| 050 ## - SIGNATURA TOPOGRAFICA DE LA BIBLIOTECA DEL CONGRESO (LC) | |
| Número de Clasificación | QA76.76 W56 C67318 |
| 082 ## - NUMERO DE CLASIFICACION DECIMAL DEWEY | |
| Número de Clasificación | 001.642.5 C245p |
| 100 ## - ASIENTO PRINCIPAL--NOMBRE PERSONAL | |
| Nombre personal | Cornell, Gary |
| 245 ## - TÍTULO | |
| Título | Programación en Delphi / Gary Cornell, Troy Strain |
| 260 ## - PUBLICACIÓN, DISTRIBUCIÓN, ETC. (PIE DE IMPRENTA) | |
| Lugar de publicación, distribución, etc. | México : Mcgraw-Hill |
| 300 ## - DESCRIPCIÓN FÍSICA | |
| Extensión | xv, 265 p. / 24 cm. |
| 650 ## - ASIENTO SECUNDARIO DE MATERIA - TERMINO TEMÁTICO | |
| Término temático o nombre geográfico como elemento de entrada | 1.DELPHI (Programa para computadora) \ 2. LENGUAJE DE PROGRAMACION VISUAL (Computación) \ 3. WINDOWS (Programas para computadora) |
| 700 ## - ASIENTO SECUNDARIO - NOMBRE PERSONAL | |
| Nombre personal | Strain, Troy |
| No. biblioteca | No. biblioteca | Número de clasificación | Código de barras/Número de adquisición | Número de copia | Tipo de material |
|---|---|---|---|---|---|
| LUIS G. INCLAN | LUIS G. INCLAN | 001.642.5 C245p | 27473 | 1 | Libros |
| LUIS G. INCLAN | LUIS G. INCLAN | 001.642.5 C245p | 30404 | 4 | Libros |
| LUIS G. INCLAN | LUIS G. INCLAN | 001.642.5 C245p | 30405 | 5 | Libros |
| LUIS G. INCLAN | LUIS G. INCLAN | 001.642.5 C245p | 30406 | 6 | Libros |
| LUIS G. INCLAN | LUIS G. INCLAN | 001.642.5 C245p | 30407 | 7 | Libros |
